Корпоративное обучение персонала; Энергия молодых - экономике России; Ч. 2

מידע ביבליוגרפי
Parent link:Энергия молодых - экономике России=Energy of Youth for Russian Economy: сборник научных трудов XIII Международной научно-практической конференции студентов и молодых ученых, г. Томск, 16-19 апреля 2012 г./ Национальный исследовательский Томский политехнический университет (ТПУ) ; Вольное экономическое общество России ; Международный союз экономистов (МСЭ) ; ред. коллегия В. В. Еремин ; Ю. С. Нехорошев ; Г. А. Барышева ; И. Е. Никулина ; Т. Б. Варлачева ; И. В. Кащук ; Е. Ю. Маталасова.— , 2012
Ч. 2.— 2012.— [С. 170-173]
מחבר ראשי: Серикова Г. Н. Галина Николаевна
מחברים אחרים: Сериков А. Л. (научный руководитель)
סיכום:Заглавие с титульного экрана
שפה:רוסית
יצא לאור: 2012
סדרה:Менеджмент XXI века
נושאים:
גישה מקוונת:http://www.lib.tpu.ru/fulltext/c/2012/C23/V2/075.pdf
פורמט: MixedMaterials אלקטרוני Book Chapter
KOHA link:https://koha.lib.tpu.ru/cgi-bin/koha/opac-detail.pl?biblionumber=238620

MARC

LEADER 00000nla2a2200000 4500
001 238620
005 20231031205211.0
035 |a (RuTPU)RU\TPU\book\259815 
035 |a RU\TPU\book\259811 
090 |a 238620 
100 |a 20130529d2012 k y0rusy50 ca 
101 0 |a rus 
102 |a RU 
105 |a y z 101zy 
135 |a drcn ---uucaa 
181 0 |a i  
182 0 |a b 
200 1 |a Корпоративное обучение персонала  |b Электронный ресурс  |f Г. Н. Серикова, А. Л. Сериков  |g науч. рук. Г. Н. Серикова 
203 |a Текст  |c электронный 
225 1 |a Менеджмент XXI века 
230 |a 1 компьютерный файл (pdf; 215 Kb) 
300 |a Заглавие с титульного экрана 
320 |a [Библиогр.: с. 173 (2 назв.)] 
337 |a Adobe Reader 
461 1 |0 (RuTPU)RU\TPU\book\258397  |t Энергия молодых - экономике России  |l Energy of Youth for Russian Economy  |o сборник научных трудов XIII Международной научно-практической конференции студентов и молодых ученых, г. Томск, 16-19 апреля 2012 г.  |o в 2 ч.  |f Национальный исследовательский Томский политехнический университет (ТПУ) ; Вольное экономическое общество России ; Международный союз экономистов (МСЭ) ; ред. коллегия В. В. Еремин ; Ю. С. Нехорошев ; Г. А. Барышева ; И. Е. Никулина ; Т. Б. Варлачева ; И. В. Кащук ; Е. Ю. Маталасова  |d 2012 
463 1 |0 (RuTPU)RU\TPU\book\258433  |t Ч. 2  |v [С. 170-173]  |d 2012 
610 1 |a труды учёных ТПУ 
610 1 |a электронный ресурс 
610 1 |a персонал 
610 1 |a модульное обучение 
610 1 |a дистанционное обучение 
700 1 |a Серикова  |b Г. Н.  |c специалист в области менеджмента  |c доцент Томского политехнического университета  |f 1948-  |g Галина Николаевна  |2 stltpush  |3 (RuTPU)RU\TPU\pers\30484 
701 1 |a Сериков  |b А. Л. 
702 1 |a Серикова  |b Г. Н.  |c специалист в области менеджмента  |c доцент Томского политехнического университета  |f 1948-  |g Галина Николаевна  |2 stltpush  |3 (RuTPU)RU\TPU\pers\30484  |4 727 
801 2 |a RU  |b 63413507  |c 20130529  |g RCR 
856 4 |u http://www.lib.tpu.ru/fulltext/c/2012/C23/V2/075.pdf 
942 |c CF